书目信息 |
| 书名: | The mythic dimension | |
| 作者: | Joseph Campbell ; edited by Antony Van Couvering. | |
| 分册号: | ||
| 分册名: | 出版地: | San Francisco, CA : |
|
| 出版社: | HarperSanFrancisco | |
| 出版时间: | 1997. | |
| 页数: | vii, 261 p. : | |
| 开本: | 24 cm. | |
| 丛书名: | ||
| 中图分类号: | ||
| 科图分类号: | ||
| 其他分类号: | B932 | |
| 主题词: | ||
| 电子资源: | ||
| 000 | 00951cam a2200289 a 450 | |
| 001 | E0734566144 | |
| 005 | 20070714094435.34 | |
| 008 | 960923s1997 cauab b 000 0 eng | |
| 010 | @a96046156@z96008409 | |
| 020 | @a0060966122 (pbk.). | |
| 035 | @A(DLC) 96046156 | |
| 040 | @aDLC@cDLC@dDLC | |
| 050 | 00 | @aBL315@b.C269 1997 |
| 082 | 00 | @a291.1/3@2 21 |
| 090 | @aB932 | |
| 099 | @dB932@ex75 | |
| 100 | 1 | @aCampbell, Joseph,@d1904-1987. |
| 245 | 14 | @aThe mythic dimension :@bselected essays 1959-1987 / @cJoseph Campbell ; edited by Antony Van Couvering. |
| 250 | @a1st ed. | |
| 260 | @aSan Francisco, CA :@bHarperSanFrancisco,@c1997. | |
| 300 | @avii, 261 p. :@bill., map ;@c24 cm. | |
| 490 | 1 | @aCollected works of Joseph Campbell |
| 504 | @aIncludes bibliographical references (p. [243]-244). | |
| 650 | 0 | @aMyth. |
| 650 | 0 | @aMythology. |
| 700 | 1 | @aVan Couvering, Antony. |
| 800 | 1 | @aCampbell, Joseph,@d1904-1987.@tWorks.@f1993. |
| The mythic dimension : : selected essays 1959-1987 / / Joseph Campbell ; edited by Antony Van Couvering.-1st ed.-San Francisco, CA : : HarperSanFrancisco, , 1997. |
| vii, 261 p. : : ill., map ; ; 24 cm.- (Collected works of Joseph Campbell ) |
| Includes bibliographical references (p. [243]-244). |
| ISBN 0060966122 (pbk.). |
| ● |
| 相关链接 |
|
|
|
|
正题名:mythic dimension
索取号:B932/x75
 
预约/预借
| 序号 | 登录号 | 条形码 | 馆藏地/架位号 | 状态 | 备注 |
| 1 | 0013115 | 300131159 | 第二样本阅览室/ [索取号:B932/x75] | 在馆 |